000 01608cam a2200385 a 4500
001 EDZ0000116364
003 StDuBDS
005 20161031105120.0
006 m||||||||d||||||||
007 cr |||||||||||
008 130111s2012 cauab fo| 0|0|0|eng|d
020 _a9781446261491 (ebook) :
_cNo price
040 _aStDuBDS
_beng
_cStDuBDS
_epn
049 _aAlfaisal Main Library
050 0 _aJF1051
_b.E44 2012
082 0 4 _a324.63
_223
245 0 0 _aElectoral systems
_h[electronic resource] /
_cedited by David M. Farrell and Matthew Shugart.
260 _aLos Angeles :
_bSAGE,
_c2012.
300 _a1 online resource (6 v.) :
_bill., maps.
490 1 _aSAGE library of political science
520 8 _aThis collection brings together leading electoral systems experts from either side of the Atlantic, namely David Farrell and Matthew Shugart. The last 25 years have seen this initially underdeveloped discipline in political science grow exponentially in level and range of output.
521 _aSpecialized.
588 _aDescription based on print version record.
504 _aIncludes bibliographical references.
650 0 _aRepresentative government and representation.
650 0 _aElections.
655 7 _aElectronic books.
_2local
700 1 _aFarrell, David M.,
_d1960-
700 1 _aShugart, Matthew Soberg,
_d1960-
710 2 _aSage eBooks
776 0 8 _iPrint version :
_z9780857024275
830 0 _aSAGE library of political science.
856 4 0 _uhttp://ezproxy.alfaisal.edu/login?url=http://sk.sagepub.com/navigator/electoral-systems
942 _2lcc
_cEBOOKS
999 _c479613
_d479613